000 00539nam a22001937a 4500
005 20260226143211.0
008 260226b |||||||| |||| 00| 0 eng d
020 _a978-93-86235-23-7
050 _aRG 101 .B 493 2019
100 _aRAO,BHASKER
245 _aCLINICAL GYNECOLOGY
250 _a5
260 _aTELANGANA,
_bUNIVERSITIES PRESS (INDIA) PRIVATE LIMITED,
_c2019,
300 _aVi, 402 P, ILL
500 _aINCLUDES INDEX
650 _aGYNECOLOGY
700 _a CHOWDHURY'S ROY, EDITOR S RATHNAKUMAR
942 _2lcc
_cBK
999 _c216702
_d216702